[Event "Dhaka Chowdhury Memorial op-B 2nd"]
[Site "Dhaka"]
[Date "2022.07.08"]
[Round "9"]
[White "Rain, Sheikh"]
[Black "Wadifa, Ahmed"]
[Result "0-1"]
[WhiteElo "1620"]
[BlackElo "1774"]
[PlyCount "100"]
[EventDate "2022.07.02"]
[EventType "swiss"]
[EventRounds "9"]
[EventCountry "BAN"]
[SourceTitle "EXT 2024"]
[Source "ChessBase"]
[SourceDate "2023.10.10"]
[SourceVersion "1"]
[SourceVersionDate "2023.10.10"]
[SourceQuality "1"]

1. h3 e5 2. d3 d5 3. e3 c5 4. Ne2 Nc6 5. Nd2 Be6 6. c3 Nf6 7. g4 Nd7 8. a3 Qc7 9. Ng3 Be7 10. Nf3 d4 11. e4 a5 12. c4 a4 13. b3 axb3 14. Qxb3 0-0 15. Nf5 Bxf5 16. gxf5 Rfb8 17. Bd2 Qb6 18. Qc2 Nb4 19. Qd1 Qa6 20. Be2 b5 21. 0-0 Nc6 22. Kh1 bxc4 23. dxc4 Na5 24. Bg5 Bxg5 25. Nxg5 Qh6 26. Nf3 Qxh3+ 27. Nh2 Ra6 28. Rg1 Qb3 29. Qd2 Nxc4 30. Qg5 g6 31. Rgb1 Qxb1+ 32. Rxb1 Rxb1+ 33. Kg2 Ra4 34. Qd8+ Nf8 35. Qe8 Nb2 36. f6 h5 37. Qxe5 d3 38. Bf3 c4 39. Qg5 c3 40. Qh6 Ne6 41. Bxh5 gxh5 42. Nf3 Rxe4 43. Kg3 Rg4+ 44. Kh2 Nf4 45. Nh4 Rxh4+ 46. Kg3 Rg4+ 47. Kf3 d2 48. Ke4 d1Q 49. f3 Qd3+ 50. Ke5 Nc4# 0-1

[Event "Dhaka Chowdhury Memorial op-B 2nd"]
[Site "Dhaka"]
[Date "2022.07.06"]
[Round "7"]
[White "Rain, Sheikh"]
[Black "Khondakar, Nazre Mowla"]
[Result "1-0"]
[WhiteElo "1620"]
[BlackElo "1783"]
[PlyCount "121"]
[EventDate "2022.07.02"]
[EventType "swiss"]
[EventRounds "9"]
[EventCountry "BAN"]
[SourceTitle "EXT 2023"]
[Source "ChessBase"]
[SourceDate "2022.10.05"]
[SourceVersion "1"]
[SourceVersionDate "2022.10.05"]
[SourceQuality "1"]

1. d3 d5 2. e3 c5 3. Ne2 Nc6 4. Nd2 Nf6 5. Ng3 e5 6. h3 Bd6 7. Nf3 Qc7 8. e4 d4 9. Be2 0-0 10. Bg5 Ne8 11. 0-0 f6 12. Bd2 Be6 13. Nh4 g6 14. Bh6 Rf7 15. Bg4 Qd7 16. Bxe6 Qxe6 17. Qd2 Ng7 18. a3 b6 19. c4 dxc3 20. bxc3 Rd8 21. Qc2 Bb8 22. Rfd1 Rfd7 23. Rd2 Qe7 24. Nf3 Ne6 25. Rad1 Qf7 26. h4 Ne7 27. Ne2 Kh8 28. d4 Ng8 29. Be3 Kg7 30. dxe5 fxe5 31. Ng5 Nxg5 32. Bxg5 Rxd2 33. Rxd2 Rd7 34. c4 h6 35. Be3 Nf6 36. f3 h5 37. a4 Rxd2 38. Bxd2 Qd7 39. Be3 Bc7 40. Nc3 Bd8 41. Bf2 Kf7 42. Nd5 Nxd5 43. exd5 Bc7 44. Bg3 Bd6 45. Qb3 Kg7 46. Kf2 Kf6 47. Ke3 Bf8 48. Qb5 Bh6+ 49. Ke2 Qxb5 50. axb5 Bf8 51. Ke3 Kf5 52. Bh2 Be7 53. g4+ hxg4 54. fxg4+ Kxg4 55. Bxe5 Bd8 56. Bb8 Kxh4 57. d6 g5 58. Bc7 Kh3 59. Bxd8 g4 60. Kf2 Kh2 61. Bh4 1-0